000 00511nam a22001697a 4500
005 20251006155658.0
010 _aENG-146952
020 _a9788198925831
_c195.00
035 _aEN-130484
037 _bDBAD
082 _a230.3
_21
245 _aThe Edison
_bA Life Turned to the Unseen Laws
260 _aWOW Publishings
_c2025
270 _aHappy Thoughts Building, Vikrant Complex, Near Tapovan Mandir, Pimpri
_bPune
_e411017
300 _a162p.
_c20cm(pb)
942 _2ddc
_cEN
_h230.3
_mEDI
999 _c213572
_d213572